Statistics for General Knowledge Picture Puzzle Game #6

Click here to take the quiz!

General Stats

  • This quiz has been taken 564 times
  • The average score is 9 of 17

Answer Stats

Hint Answer % Correct
HTML tutorial Capital city of USSRMoscow
94%
HTML tutorial Longest bone in human bodyFemur
88%
HTML tutorial Fastest mammal, also known as the hunting leoparCheetah
87%
HTML tutorial Number one coffee producing countryBrazil
74%
HTML tutorial Kuala ______Lumpur
74%
HTML tutorial A global computer network providing a variety of information
and communication facilities, consisting of interconnected
networks using standardized communication protocols
Internet
63%
Anne Frank
60%
HTML tutorial His unofficial title is Pontifex MaximusThe Pope
56%
HTML tutorial Nickname of Ervin JohnsonMagic
50%
HTML tutorial Carlos Irwin EstévezCharlie Sheen
45%
HTML tutorial Famous lighter company from Bratford, PennsylvaniaZippo
42%
HTML tutorial Director of "Citizen Kane"Orson Welles
35%
HTML tutorial Title of a hereditary military dictator in Japan
during the period from 1192 to 1867
Shogun
30%
HTML tutorial First year of nobel prize1901
28%
HTML tutorial How many bytes are there in kilobyte (binary)?1024
25%
HTML tutorial Meaning of Cosa NostraOur Thing
23%
HTML tutorial Singer of MetallicaJames Hetfield
18%

Score Distribution

Percentile by Number Answered

Percent of People with Each Score

Your Score History

You have not taken this quiz